000 00735nam a2200241 i 4500
001 bg
100 1 _aGAWRON, Wiesław
245 0 _aProgramowanie rozwoju i zarządzanie gospodarką żywnościową /
_cWiesław Gawron, Tomasz Lonc, Augustyn Woś.
260 _aWarszawa :
_bPańst. Wydaw. Rolnicze i Leśne,
_c1985.
300 _a159, [1] s. :
_brys., wykr. ;
_c21 cm.
490 1 _aBiblioteka Nowego Rolnictwa
504 _aBibliogr. s. 152-153.
700 1 _aLONC, Tomasz
700 1 _aWOŚ, Augustyn
830 _aBiblioteka Nowego Rolnictwa
020 _a8309010036
040 _cBPK
041 _apol
080 _a338.43:664
920 _a83-09-01003-6
942 _cKS
008 s pl f |000 0 pol
999 _c23065
_d23065
856 _uhttp://koha.tu.koszalin.pl/cgi-bin/koha/opac-detail.pl?biblionumber=23065
_yKatalog online BPK